Quality assurance : a framework to build on (Record no. 70586)

000 -LEADER
fixed length control field 00464nam a22001817a 4500
003 - CONTROL NUMBER IDENTIFIER
control field NUST - PNEC
005 - DATE AND TIME OF LATEST TRANSACTION
control field 20170116181143.0
008 - FIXED-LENGTH DATA ELEMENTS--GENERAL INFORMATION
fixed length control field 151008b xxu||||| |||| 00| 0 eng d
020 ## - INTERNATIONAL STANDARD BOOK NUMBER
International Standard Book Number 0632039043
040 ## - CATALOGING SOURCE
Transcribing agency LIBRARY
082 ## - DEWEY DECIMAL CLASSIFICATION NUMBER
Classification number 624.402 HUG
100 ## - MAIN ENTRY--PERSONAL NAME
9 (RLIN) 14823
Personal name Hughes, Terry
245 ## - TITLE STATEMENT
Title Quality assurance : a framework to build on
Statement of responsibility, etc. Terry Hughes,
250 ## - EDITION STATEMENT
Edition statement 2nd ed
260 ## - PUBLICATION, DISTRIBUTION, ETC.
Date of publication, distribution, etc. c1995.
650 ## - SUBJECT ADDED ENTRY--TOPICAL TERM
9 (RLIN) 14826
Topical term or geographic name entry element Quality assurance
942 ## - ADDED ENTRY ELEMENTS (KOHA)
Source of classification or shelving scheme
Koha item type Book
Holdings
Withdrawn status Lost status Source of classification or shelving scheme Damaged status Not for loan Permanent Location Current Location Shelving location Date acquired Total Checkouts Full call number Barcode Date last seen Price effective from Koha item type
          Pakistan Navy Engineering College (PNEC) Pakistan Navy Engineering College (PNEC)       624.402 HUG PNECLIB-020628 10/08/2015   Book
© 2023 Central Library, National University of Sciences and Technology. All Rights Reserved.